Vincitori Ligue 1 - Morte improvvisa - Statistics

Statistiche generali
  • Questo quiz è stato fatto 190 volte
  • Il punteggio medio è 7 su 19
Answers on the Grid
Answers color-coded by a green-red scale on the quiz's grid according to % correct below.
Paris Saint-Germain
Saint-Étienne
Olympique Marsiglia
Monaco
Nantes
Olympique Lione
Bordeaux
Stade Reims
Lille
Nizza
Sète
Sochaux
Montpellier
Lens
Auxerre
Strasburgo
Roubaix-Tourcoing
RC France
Olympique Lillois
Rennes
Metz
Nîmes
Tolosa
Bastia
Valenciennes
Angers
Nancy
Le Havre
Sedan
Cannes
Brest
Rouen
Caen
Lorient
Ajaccio
Guingamp
Troyes
Grenoble
Tours
Paris FC
Le Mans
Antibes
 
Statistiche sulle risposte
Risposta % Corretto
Paris Saint-Germain
76%
Monaco
70%
Olympique Marsiglia
70%
Olympique Lione
69%
Lille
63%
Saint-Étienne
55%
Montpellier
52%
Bordeaux
45%
Nizza
42%
Nantes
31%
Stade Reims
29%
Lens
27%
Olympique Lillois
23%
Auxerre
20%
Strasburgo
10%
RC France
7%
Sochaux
6%
Sète
3%
Roubaix-Tourcoing
2%
Nessun quiz corrispondente trovato
Distribuzione punteggi
Percentuale di utenti per punteggio
Percentile per numero di risposta
I tuoi punteggi nel tempo
Non hai fatto questo quiz